Fundamentals of electrical circuits / (Record no. 590357)
[ view plain ]
| 000 -LEADER | |
|---|---|
| fixed length control field | 00641nam a22001937a 4500 |
| 003 - CONTROL NUMBER IDENTIFIER | |
| control field | NUST |
| 005 - DATE AND TIME OF LATEST TRANSACTION | |
| control field | 20240124141709.0 |
| 008 - FIXED-LENGTH DATA ELEMENTS--GENERAL INFORMATION | |
| fixed length control field | 220719b ||||| |||| 00| 0 eng d |
| 020 ## - INTERNATIONAL STANDARD BOOK NUMBER | |
| International Standard Book Number | 9781259098598 |
| 082 ## - DEWEY DECIMAL CLASSIFICATION NUMBER | |
| Classification number | 621.31924,ALE |
| 100 ## - MAIN ENTRY--PERSONAL NAME | |
| Personal name | Alexander, K. Charles |
| 9 (RLIN) | 93820 |
| 245 ## - TITLE STATEMENT | |
| Title | Fundamentals of electrical circuits / |
| Statement of responsibility, etc. | Charles K. Alexander & Matthew N.O. Sadiku |
| 250 ## - EDITION STATEMENT | |
| Edition statement | 5th edition |
| 260 ## - PUBLICATION, DISTRIBUTION, ETC. | |
| Place of publication, distribution, etc. | India |
| Name of publisher, distributor, etc. | McGraw Hill |
| Date of publication, distribution, etc. | 2013 |
| 300 ## - PHYSICAL DESCRIPTION | |
| Extent | 950 p |
| 505 ## - FORMATTED CONTENTS NOTE | |
| Formatted contents note | Part-1: DC Circuits (Page-2), Part-2: AC Circuits (Page-368), Part-3: Advanced Circuits Analysis (Page-675). |
| 650 ## - SUBJECT ADDED ENTRY--TOPICAL TERM | |
| Topical term or geographic name entry element | Electric circuits |
| 9 (RLIN) | 10997 |
| 942 ## - ADDED ENTRY ELEMENTS (KOHA) | |
| Source of classification or shelving scheme | |
| Koha item type | Reference |
| Withdrawn status | Lost status | Source of classification or shelving scheme | Damaged status | Not for loan | Permanent Location | Current Location | Shelving location | Date acquired | Full call number | Barcode | Date last seen | Price effective from | Koha item type | Public note | Total Checkouts | Checked out | Date last checked out | Total Renewals |
|---|---|---|---|---|---|---|---|---|---|---|---|---|---|---|---|---|---|---|
| Military College of Signals (MCS) | Military College of Signals (MCS) | Reference | 07/19/2022 | 621.31924,ALE | MCS37519 | 07/19/2022 | 07/19/2022 | Reference | Alimrah No.20, Shelf No.4 | |||||||||
| Military College of Signals (MCS) | Military College of Signals (MCS) | General Stacks | 01/24/2024 | 621.31924,ALE | MCS37518 | 03/03/2026 | 01/24/2024 | Book | Almirah No.30, Shelf No.2 | 15 | 04/02/2026 | 03/03/2026 | ||||||
| Military College of Signals (MCS) | Military College of Signals (MCS) | General Stacks | 03/22/2025 | 621.31924,ALE | MCS34538 | 11/24/2025 | 03/22/2025 | Book | Almirah No.30, Shelf No.2 | 6 | 10/14/2025 | 1 |
